| 000 | 00450nam a2200133 i 4500 | ||
|---|---|---|---|
| 001 | 20953 | ||
| 003 | ES-MaACL | ||
| 007 | t| | ||
| 008 | 021119s1961 sz ||||1| spa d | ||
| 245 | 0 | 0 |
_aAcuerdo General sobre Aranceles Aduaneros y Comercio _b: instrumentos básicos y documentos diversos : noveno suplemento. |
| 260 |
_aGinebra : _bLas Partes Contratantes del Acuerdo, _c1961. |
||
| 300 |
_a287 p. ; _c24 cm. |
||
| 852 |
_aES-MaACL _jE-8280 _bR.92810 |
||
| 999 |
_c20953 _d20953 |
||